| LEADER 01174nam 2200277 a 4500 |
| 001 12334104761 |
| 003 ULIB |
| 008 030417s2551 th a sb 001 0 tha |
| 060 4 ^aWS260^bช175ค 2551
|
| 245 00 ^aคู่มือโรคผิวหนังเด็ก /^cชมรมแพทย์ผิวหนังเด็กแห่งประเทศไทย ; บรรณาธิการ อมรศรี ชุณหรัศมิ์ วาณี วิสุทธิ์เสรีวงศ์, ศรีศุภลักษณ์ ลิงคาลวณิช
|
| 250 ^aพิมพ์ครั้งที่ 2
|
| 260 ^aกรุงเทพฯ :^bบียอนด์ เอ็นเทอร์ไพรซ์,^c2551
|
| 300 ^a265 หน้า :^bภาพประกอบ
|
| 650 7 ^aผิวหนัง,โรค^xในวัยทารกและเด็ก^vคู่มือ
|
| 650 7 ^aผิวหนัง,โรค^xการรักษา^vคู่มือ
|
| 650 7 ^aผิวหนัง,โรค
|
| 650 7 ^aเด็ก, โรค
|
| 700 0 ^aอมรศรี ชุณหรัศมิ์,^eบรรณาธิการ
|
| 700 0 ^aวาณี วิสุทธิ์เสรีวงศ์,^eบรรณาธิการ
|
| 700 0 ^aศรีศุภลักษณ์ ลิงคาลวณิช,^eบรรณาธิการ
|
| 710 2 ชมรมแพทย์ผิวหนังเด็กแห่งประเทศไทย
|
| 913 ^aImported by ULIBM Administrator
|
| 949 ^aImport form external file by ULIBM system
|
| 999 ^aสุณิสา
|